000 01056nam a2200313 i 4500
003 DO-SdBNP
005 20260423084947.0
007 ta
008 260423b1998 dr ||||| |||| 00| 0 spa d
040 _aDO-SdBNP
_bspa
_cBNPHU
_erda
041 _aspa
082 4 _a346.7293
_bR426c 1998
_222
110 1 _aRepública Dominicana
_9447
245 1 0 _aCódigo civil de la República Dominicana
_cJuan Pablo Acosta
250 _aprimera edición de bolsillo
264 1 _aMoca, República Dominicana :
_bEditora Dalis,
_c1998.
300 _a500 paginas ;
_c15 cm.
336 _atexto
_btxt
_2rdacontent
337 _asin mediación
_bn
_2rdamedia
338 _avolumen
_bnc
_2rdacarrier
500 _aIncluye índice analítico
500 _aIncluye referencias bibliográficas y notas al pie de las páginas
590 _aInventariado, 2026/BT
650 4 _aDerecho civil
_zRepública Dominicana
_91058
650 4 _aDerecho civil
_xLegislación
_99313
700 1 _aAcosta, Juan Pablo,
_edirector
_4dir,
_911716
910 _aBtavárez
942 _2ddc
_cLBS1
999 _c60602
_d60602